[Event "AUTO-ADV-4677"]
[Site "http://www.queenalice.com/game.php?id=1806063"]
[Date "2023.2.13"]
[Round "1"]
[White "SGF"]
[Black "diegem"]
[Result "1/2-1/2"]
[WhiteElo "1659"]
[BlackElo "2018"]

1. e4 e5 2. Qf3 Nf6 3. d3 Nc6 4. c3 Bc5 5. Be2 d6 6. Qg3 g6 7. h4 h5 8. Bg5 Bd7
9. b4 Bb6 10. a4 a6 11. Nf3 Bg4 12. Bxf6 Qxf6 13. Nbd2 Bxf3 14. Bxf3 Ne7 15. Nc4
Ba7 16. a5 b5 17. axb6 Bxb6 18. b5 a5 19. O-O Rg8 20. Nxb6 cxb6 21. Qg5 Qg7 22.
g4 hxg4 23. Qxg4 f5 24. exf5 Nxf5 25. h5 gxh5 26. Qxg7 Rxg7+ 27. Kh2 Rc8 28. c4
Rg5 29. Rg1 Rxg1 30. Kxg1 Ng7 31. Kg2 Ke7 32. Rh1 Rg8 33. Bd5 Ne6+ 34. Kf1 Rh8
35. Bxe6 Kxe6 36. Ke2 Kf5 37. Ke3 h4 38. Kf3 Kg5 39. Ke4 Rf8 40. f3 Rf4+ 41. Kd5
Rxf3 42. Kxd6 Rxd3+ 43. Kxe5 h3 44. Ke4 Rg3 45. Kd5 Kh4 46. Kc6 Rg6+ 47. Kd5 Rf6
48. c5 bxc5 49. Kxc5 Kg3 50. b6 Kg2 51. Ra1 h2 52. Ra2+ Kg3 53. b7 Rf8 54. Ra3+
Kg2 55. Ra2+ Kg1 56. Ra1+ Kg2 57. Ra2+ Rf2 58. Rxf2+ Kxf2 59. b8=Q h1=Q 60. Qb2+
Kg1 61. Qd4+ Kh2 62. Qd2+ Qg2 63. Qxa5 Qc2+ 64. Kb6 Qf2+ 65. Ka6 Qf6+ 66. Qb6
Qxb6+ 67. Kxb6 Kg3 1/2-1/2

[Event "AUTO-ADV-4695"]
[Site "http://www.queenalice.com/game.php?id=1810751"]
[Date "2023.4.27"]
[Round "1"]
[White "SGF"]
[Black "diegem"]
[Result "1/2-1/2"]
[WhiteElo "1673"]
[BlackElo "2004"]

1. e4 e5 2. Qf3 Nf6 3. d3 Nc6 4. c3 h6 5. Be2 Bc5 6. b4 Bb6 7. Qg3 g5 8. h4 gxh4
9. Rxh4 a6 10. Bxh6 Rg8 11. Bg5 Kf8 12. Rh7 Nxh7 13. Bxd8 Rxg3 14. fxg3 Nxd8 15.
Nf3 d6 16. a4 Ne6 17. Nbd2 Bd7 18. a5 Be3 19. Nc4 Bh6 20. Kf2 Bb5 21. g4 Bxc4
22. dxc4 Nhg5 23. Rh1 Nxe4+ 24. Ke1 Bg7 25. Nh4 Nxc3 26. Nf5 Bf6 27. Kd2 Ne4+
28. Ke1 Rd8 29. Bf3 N6g5 30. Ke2 Ng3+ 31. Nxg3 c6 32. Ne4 Nxe4 33. Bxe4 d5 34.
cxd5 cxd5 35. Bf5 d4 36. Rh6 Bg7 37. Rh7 Rd5 38. Bc8 Rb5 39. Rh5 Rxb4 40. Rf5 f6
41. g5 Ke7 42. gxf6+ Bxf6 43. g4 Rb5 44. g5 Bg7 45. g6 Bf6 46. Rh5 Kd8 47. Rf5
Rb2+ 48. Kd3 Kxc8 49. Rxf6 Rg2 50. Ke4 Kd7 51. Kxe5 Ke7 52. Rf7+ Ke8 53. Kf6 d3
54. g7 Rf2+ 55. Kg6 Rg2+ 56. Kf6 Rf2+ 57. Ke6 Re2+ 58. Kf6 Rf2+ 59. Kg6 Rg2+ 60.
Kf6 1/2-1/2

[Event "AUTO-ADV-4695"]
[Site "http://www.queenalice.com/game.php?id=1810752"]
[Date "2023.4.27"]
[Round "1"]
[White "diegem"]
[Black "SGF"]
[Result "1-0"]
[WhiteElo "2016"]
[BlackElo "1661"]

1. e4 e5 2. Nf3 Qf6 3. Nc3 c6 4. Bc4 b5 5. Bb3 a5 6. a3 b4 7. axb4 Bxb4 8. Na2
Ne7 9. Nxb4 Bb7 10. Na2 a4 11. Bc4 c5 12. Nc3 O-O 13. d3 h6 14. Nxa4 Bc6 15. b3
Ng6 16. Bb2 Nf4 17. O-O Qg6 18. Nh4 Qg5 19. g3 g6 20. Nxc5 Rxa1 21. Bxa1 d6 22.
Na4 Bxa4 23. bxa4 Nc6 24. Kh1 Nd4 25. Bxd4 exd4 26. Nf3 Qg4 27. gxf4 h5 28. f5
h4 29. Rg1 Qf4 30. fxg6 Kg7 31. gxf7+ Kh6 32. Rg8 Rxf7 33. Bxf7 Qxf7 34. Rh8+
Kg7 35. Rxh4 Qf6 36. Qg1+ Kf7 37. Qg3 Ke7 38. Rh7+ Kf8 39. Qh3 Kg8 40. Rh6 Qg7
41. Qc8+ Kf7 42. Qe6+ Kf8 43. Rf6+ Qxf6 44. Qxf6+ Ke8 45. Ng5 Kd7 46. h4 Kc6 47.
Qxd4 Kc7 48. a5 Kd7 49. a6 Kc6 50. a7 Kb7 51. Ne6 Ka8 52. Qb6 d5 53. Qb8# 1-0

[Event "AUTO-ADV-4695"]
[Site "http://www.queenalice.com/game.php?id=1810767"]
[Date "2023.4.27"]
[Round "1"]
[White "diegem"]
[Black "pomar"]
[Result "1-0"]
[WhiteElo "2016"]
[BlackElo "1925"]

1. e4 e6 2. d4 d5 3. Nc3 Bb4 4. Bd3 dxe4 5. Bxe4 c5 6. Nf3 cxd4 7. Nxd4 Bxc3+ 8.
bxc3 Qc7 9. Bd2 Nf6 10. Qe2 Nxe4 11. Qxe4 Bd7 12. O-O Nc6 13. Bf4 Qa5 14. Qe3
O-O-O 15. Nxc6 Bxc6 16. Be5 f6 17. Bd4 e5 18. Bxa7 Rd7 19. c4 b5 20. Bb6 Qa4 21.
cxb5 Bxb5 22. Rfb1 Bc6 23. c3 Qc4 24. Ba7 Rhd8 25. Rb8+ Kc7 26. Qb6+ Kd6 27.
Rxd8 Ke7 28. Rxd7+ Bxd7 29. Qc5+ Qxc5 30. Bxc5+ Kf7 31. a4 Ke6 32. a5 Bc6 33. a6
Kd5 34. Bb4 Kc4 35. a7 Ba8 36. Rd1 Kb5 37. Rd8 Bc6 38. a8=Q Bxa8 39. Rxa8 1-0

[Event "AUTO-ADV-4695"]
[Site "http://www.queenalice.com/game.php?id=1810768"]
[Date "2023.4.27"]
[Round "1"]
[White "pomar"]
[Black "diegem"]
[Result "0-1"]
[WhiteElo "1985"]
[BlackElo "2018"]

1. f3 e5 2. Kf2 Bc5+ 3. e3 Nc6 4. c4 d6 5. a3 Nf6 6. b4 Bb6 7. Nc3 O-O 8. Na4 a6
9. Bb2 Re8 10. Bd3 d5 11. Qc2 e4 12. Be2 Nb8 13. cxd5 exf3 14. Nxf3 Nxd5 15.
Rhd1 Qe7 16. Nxb6 Nxb6 17. Rac1 c6 18. Bd4 Nd5 19. Bc4 Be6 20. Qb2 f6 21. Bc5
Qf7 22. Qb3 b5 23. Bxd5 Bxd5 24. Qc3 Bxf3 25. gxf3 Nd7 26. Qd4 Ne5 27. Bd6 Rad8
28. Qc5 Nd3+ 0-1

[Event "AUTO-ADV-4695"]
[Site "http://www.queenalice.com/game.php?id=1810769"]
[Date "2023.4.27"]
[Round "1"]
[White "diegem"]
[Black "JoseMessias"]
[Result "1-0"]
[WhiteElo "2012"]
[BlackElo "1753"]

1. e4 e5 2. Nf3 d6 3. h3 f5 4. Nc3 f4 5. Bc4 d5 6. Bxd5 c6 7. Bxg8 Rxg8 8. Nxe5
g6 9. d3 Qh4 10. Nf3 Qh6 11. Nh2 Bb4 12. Ng4 Bxg4 13. Qxg4 Nd7 14. Qe6+ Kf8 15.
Qxd7 Qg7 16. Qxg7+ Rxg7 17. Bxf4 g5 18. Be3 Kg8 19. O-O g4 20. hxg4 Rxg4 21. Ne2
h5 22. Nf4 h4 23. Nh3 Be7 24. f3 Rg6 25. c3 Kf7 26. Kf2 Rag8 27. Rg1 Bd6 28. Bf4
Bxf4 29. Nxf4 Rg3 30. e5 R8g5 31. Rae1 b5 32. b3 Rf5 33. Re4 a5 34. d4 a4 35.
Ne2 Rg7 36. Rxh4 axb3 37. axb3 Rg8 38. Rf4 Rxf4 39. Nxf4 Ra8 40. Ke3 Ra3 41. Rb1
Ke7 42. g4 Ra2 43. Ne2 Ke6 44. f4 Ra8 45. f5+ Kf7 46. g5 Rf8 47. g6+ Kg7 48. Ke4
Re8 49. Rh1 Kg8 50. f6 Re6 51. f7+ Kg7 52. Nf4 Re7 53. Rh7+ Kf8 54. Rh8+ Kg7 55.
f8=Q# 1-0

[Event "AUTO-ADV-4695"]
[Site "http://www.queenalice.com/game.php?id=1810770"]
[Date "2023.4.27"]
[Round "1"]
[White "JoseMessias"]
[Black "diegem"]
[Result "0-1"]
[WhiteElo "1782"]
[BlackElo "1990"]

1. f3 e5 2. e4 Nf6 3. d4 exd4 4. Qxd4 Nc6 5. Qe3 Nb4 6. Qc3 Nc6 7. a3 a5 8. e5
Nd5 9. Qd3 Nde7 10. Bg5 Nxe5 11. Bxe7 Nxd3+ 12. Bxd3 Qxe7+ 13. Ne2 Qh4+ 14. g3
Qf6 15. O-O Qxb2 16. Nbc3 Qb6+ 17. Kh1 c6 18. Rfe1 Be7 19. Na4 Qd8 20. Nd4 O-O
21. Nf5 Bf6 22. c3 b5 23. Rac1 bxa4 24. Re4 d5 25. Re2 Bxf5 26. Bxf5 Re8 27.
Rce1 Rxe2 28. Rxe2 Bxc3 29. Rc2 Qe8 30. Kg2 Bd4 31. Kh3 g6 32. Bd3 Qe6+ 33. g4
Qe3 34. Be2 f5 35. Kh4 g5+ 36. Kh5 Bf6 37. gxf5 Qf4 38. Rc4 Qxh2+ 39. Kg4 Qh4#
0-1

[Event "AUTO-ADV-4677"]
[Site "http://www.queenalice.com/game.php?id=1814000"]
[Date "2023.6.15"]
[Round "2"]
[White "jogador58"]
[Black "diegem"]
[Result "1-0"]
[WhiteElo "2179"]
[BlackElo "2031"]

1. e4 e5 2. f4 exf4 3. Bc4 Qh4+ 4. Kf1 Bc5 5. d4 Bb6 6. Nf3 Qf6 7. Nc3 d6 8. Nd5
Qd8 9. Bxf4 Nf6 10. Bg5 h6 11. Bxf6 gxf6 12. c3 Bg4 13. h3 Bxf3 14. Qxf3 Nd7 15.
Re1 c6 16. Nf4 a6 17. Nh5 Bc7 18. Ng7+ Kf8 19. Qh5 Qe7 20. Nf5 Qe8 21. Kf2 b5
22. Bb3 a5 23. a3 Nb6 24. Rhf1 a4 25. Ba2 Nc4 26. Qe2 Nb6 27. Kg1 h5 28. Ng3 d5
29. Nxh5 dxe4 30. Nxf6 Qb8 31. Qxe4 Qb7 32. Nd7+ Nxd7 33. Rxf7+ Kg8 34. Qg4# 1-0

[Event "AUTO-ADV-4677"]
[Site "http://www.queenalice.com/game.php?id=1814001"]
[Date "2023.6.15"]
[Round "2"]
[White "diegem"]
[Black "jogador58"]
[Result "1-0"]
[WhiteElo "2079"]
[BlackElo "2208"]

1. e4 e6 2. d4 d5 3. Nc3 Bb4 4. Bd3 dxe4 5. Bxe4 Nc6 6. Bxc6+ bxc6 7. Nf3 c5 8.
O-O cxd4 9. Nxd4 Bb7 10. Nce2 Qd5 11. Nf3 Rd8 12. Bf4 Qe4 13. Qc1 Qxe2 14. Bxc7
Rd7 15. Be5 Bxf3 16. Bxg7 Bd5 17. Bxh8 Qe4 18. Qg5 Qg6 19. Qxg6 hxg6 20. c3 Be7
21. Bd4 Bf6 22. Bxf6 Nxf6 23. b3 Ke7 24. Rfd1 a5 25. c4 Bc6 26. Rxd7+ Kxd7 27.
Rd1+ Kc7 28. a3 Nd7 29. Rd4 Nc5 30. b4 axb4 31. axb4 e5 32. Rh4 Nd3 33. b5 Bd7
34. Kf1 Kb6 35. Ke2 Nb2 36. Kd2 Be6 37. Kc3 Nd1+ 38. Kb4 Nxf2 39. Rh8 Nd3+ 40.
Kc3 Nf4 41. g3 Ne2+ 42. Kb4 Kb7 43. c5 Bd5 44. c6+ Bxc6 45. bxc6+ Kxc6 46. Rf8
f5 47. Rf6+ Kd5 48. Rxg6 Ke4 49. h4 Kf3 50. h5 Nxg3 51. h6 e4 52. h7 e3 53. h8=Q
f4 54. Qh2 e2 55. Re6 1-0

[Event "AUTO-ADV-4677"]
[Site "http://www.queenalice.com/game.php?id=1814002"]
[Date "2023.6.15"]
[Round "2"]
[White "Canaye"]
[Black "diegem"]
[Result "0-1"]
[WhiteElo "1560"]
[BlackElo "2024"]

1. d4 Nf6 2. c4 e6 3. Nc3 Bb4 4. Qc2 d5 5. cxd5 Nxd5 6. a3 Bxc3+ 7. bxc3 h6 8.
e4 Nf6 9. Bd3 Nc6 10. Ne2 O-O 11. O-O a5 12. f4 Re8 13. Rb1 b6 14. f5 exf5 15.
exf5 Ba6 16. Bxa6 Rxa6 17. Bf4 Ne7 18. Rfd1 Nxf5 19. Qxf5 Rxe2 20. Be5 Ne4 0-1

[Event "AUTO-ADV-4677"]
[Site "http://www.queenalice.com/game.php?id=1814003"]
[Date "2023.6.15"]
[Round "2"]
[White "diegem"]
[Black "Canaye"]
[Result "1-0"]
[WhiteElo "2022"]
[BlackElo "1562"]

1. e4 e6 2. d4 d5 3. Nc3 dxe4 4. Nxe4 Nd7 5. Nf3 Ngf6 6. Bg5 Be7 7. Nc3 Nd5 8.
Nxd5 exd5 9. Be3 c5 10. dxc5 Nf6 11. b4 O-O 12. h3 Bd7 13. Bg5 h6 14. Bh4 Ne4
15. Bxe7 Qxe7 16. Be2 Nc3 17. Qd2 Nxe2 18. Qxe2 Qxe2+ 19. Kxe2 Rfe8+ 20. Kd2 1-0

[Event "AUTO-ADV-4708"]
[Site "http://www.queenalice.com/game.php?id=1814128"]
[Date "2023.6.17"]
[Round "1"]
[White "BeatifulDevil56"]
[Black "diegem"]
[Result "0-1"]
[WhiteElo "1930"]
[BlackElo "2069"]

1. e4 e5 2. Nc3 Nf6 3. Nf3 Nc6 4. d3 Bb4 5. Bd2 Bxc3 6. Bxc3 d6 7. h3 O-O 8. Be2
a5 9. a4 b6 10. O-O Ba6 11. Rb1 Ne7 12. Ra1 Ng6 13. Bd2 Bc8 14. Bg5 h6 15. Bxf6
Qxf6 16. Nh2 Qg5 17. Bg4 Bxg4 18. Nxg4 Nf4 19. Qf3 Rfe8 20. Kh2 Re6 21. g3 Ng6
22. Qe2 c6 23. h4 Qe7 24. Kg2 Rf8 25. Kh3 f5 26. exf5 Rxf5 27. f3 Rf4 28. Kg2 c5
29. Qf2 Rf8 30. Rae1 h5 31. Ne3 Qb7 32. Kh2 d5 33. g4 hxg4 34. Nxg4 Qc7 35. Kh3
Nf4+ 36. Kg3 e4 37. Qe3 Nxd3+ 0-1

[Event "AUTO-ADV-4708"]
[Site "http://www.queenalice.com/game.php?id=1814129"]
[Date "2023.6.17"]
[Round "1"]
[White "diegem"]
[Black "BeatifulDevil56"]
[Result "0-1"]
[WhiteElo "2093"]
[BlackElo "1990"]

1. e4 e5 2. Nf3 Nc6 3. Nc3 d6 4. h3 Be6 5. Bb5 Bd7 6. Bxc6 Bxc6 7. O-O Nf6 8. d3
h6 9. Re1 Qd7 10. a4 Be7 11. b4 a6 12. a5 O-O 13. Ba3 b6 14. axb6 cxb6 15. Ne2
Qc7 16. c3 d5 17. Ng3 Rad8 18. exd5 Bxd5 19. Nxe5 Qxc3 20. Qe2 Bd6 21. Nf3 Rfe8
22. Qd1 Bxg3 23. Rxe8+ Rxe8 24. fxg3 Bxf3 25. gxf3 Re3 26. Qc1 Qxc1+ 27. Rxc1
Rxd3 28. Bb2 Nd5 29. b5 axb5 30. Rf1 b4 31. Rf2 Rd1+ 32. Kh2 Ne3 33. g4 Rd2 34.
Rxd2 Nf1+ 35. Kg2 Nxd2 36. Kf2 f6 37. Ke2 Nc4 38. Bd4 b5 39. Kd1 Kf7 40. Kc2 Na5
41. Bc5 Nc6 42. Kb3 Ke6 43. f4 f5 44. Bf8 Kf7 45. Bd6 g6 46. Bc5 fxg4 47. hxg4
Kf6 48. Bxb4 Nxb4 49. Kxb4 h5 50. gxh5 gxh5 51. Kxb5 Kf5 0-1

[Event "AUTO-ADV-4708"]
[Site "http://www.queenalice.com/game.php?id=1814144"]
[Date "2023.6.17"]
[Round "1"]
[White "maurice916"]
[Black "diegem"]
[Result "0-1"]
[WhiteElo "1894"]
[BlackElo "2021"]

1. Nf3 Nc6 2. e3 e5 3. d3 Nf6 4. Nbd2 Be7 5. b3 O-O 6. Bb2 d6 7. c4 Bg4 8. Qc2
a5 9. Be2 Bxf3 10. Bxf3 Re8 11. O-O Nb4 12. Qc3 c6 13. a3 Na6 14. Rad1 Nc7 15.
e4 b5 16. Rc1 bxc4 17. dxc4 Ne6 18. Qe3 Nd7 19. Qe2 Nf4 20. Qe3 Bg5 21. Qc3 Qf6
22. Kh1 Nc5 23. Ba1 Nfd3 24. Rcd1 Bh4 25. g3 Bg5 26. b4 Bxd2 27. Qxd2 Qxf3+ 28.
Kg1 axb4 29. axb4 Nxb4 30. Qxb4 Nxe4 31. Qb2 Rab8 32. Qc2 Ng5 33. Rxd6 Nh3# 0-1

[Event "AUTO-ADV-4708"]
[Site "http://www.queenalice.com/game.php?id=1814145"]
[Date "2023.6.17"]
[Round "1"]
[White "diegem"]
[Black "maurice916"]
[Result "1-0"]
[WhiteElo "2042"]
[BlackElo "1986"]

1. e4 c6 2. d4 d5 3. Nc3 dxe4 4. Nxe4 Nf6 5. Nc3 Bg4 6. Be2 Qd7 7. Bxg4 Qxg4 8.
Qxg4 Nxg4 9. Nf3 e6 10. O-O Bd6 11. Ne4 Be7 12. Bg5 f6 13. Bd2 Nd7 14. a3 f5 15.
Ng3 h5 16. Bg5 Kf7 17. h3 Ngf6 18. Bxf6 Bxf6 19. c3 Rad8 20. a4 g5 21. b4 Rhg8
22. Nxh5 Be7 23. Ng3 Bf6 24. a5 c5 25. bxc5 Nb8 26. Rfe1 Nc6 27. a6 Rd7 28. axb7
Rxb7 29. Nh5 Be7 30. Ra6 Kg6 31. Rxc6 Kf7 32. Rcxe6 g4 33. hxg4 fxg4 34. Nd2 Rg5
35. Ng3 Rg8 36. Nf5 Bg5 37. Nd6+ 1-0

[Event "AUTO-ADV-4695"]
[Site "http://www.queenalice.com/game.php?id=1814317"]
[Date "2023.6.18"]
[Round "2"]
[White "maurice916"]
[Black "diegem"]
[Result "1/2-1/2"]
[WhiteElo "2005"]
[BlackElo "2032"]

1. Nf3 Nc6 2. c4 e6 3. Nc3 Nf6 4. d4 h6 5. e4 Bb4 6. Bd3 Bxc3+ 7. bxc3 O-O 8.
Qe2 Ne7 9. h3 a5 10. a4 b6 11. Ba3 d6 12. O-O Ba6 13. Rab1 Ng6 14. e5 Nh7 15.
exd6 cxd6 16. Bxg6 fxg6 17. Nd2 Re8 18. Qe4 g5 19. Rfe1 Nf6 20. Qc6 Rc8 21. Qxb6
Bxc4 22. Nxc4 Rxc4 23. Bxd6 Qxb6 24. Rxb6 Rxc3 25. Bh2 Rc4 26. Be5 Rxa4 27. Reb1
Rc4 28. Ra6 a4 29. Ra1 Nd7 30. R6xa4 Rxa4 31. Rxa4 Nxe5 32. dxe5 Kf7 33. g3 Kg6
34. Re4 Rd8 35. Kg2 Kf5 36. Re2 h5 37. f3 Rd5 38. Kf2 1/2-1/2

[Event "AUTO-ADV-4695"]
[Site "http://www.queenalice.com/game.php?id=1814318"]
[Date "2023.6.18"]
[Round "2"]
[White "diegem"]
[Black "maurice916"]
[Result "1-0"]
[WhiteElo "2056"]
[BlackElo "1972"]

1. e4 c6 2. d4 d5 3. Nc3 dxe4 4. Nxe4 Nf6 5. Nc3 Bg4 6. Be2 Bxe2 7. Ngxe2 e6 8.
Bg5 Be7 9. Bxf6 Bxf6 10. O-O Na6 11. Ne4 Bxd4 12. Nxd4 O-O 13. c3 Nc7 14. Qe2
Nd5 15. Rad1 Qc7 16. Qd3 f5 17. Nxe6 fxe4 18. Nxc7 exd3 19. Nxa8 Rxa8 20. Rxd3
Rf8 21. b3 b5 22. c4 bxc4 23. bxc4 Nb4 24. Rd7 Nxa2 25. Rxa7 Nb4 26. Rb1 c5 27.
Rc7 Nd3 28. Rf1 h6 29. Rd7 Ne5 30. Rc7 Nxc4 31. Rxc5 Ne5 32. Rxe5 Rf7 33. Re8+
Kh7 34. Rfe1 Kg6 35. R1e7 Kf6 36. Rxf7+ Kxf7 37. Re3 g6 38. f4 Kf6 39. g4 1-0

[Event "AUTO-ADV-4695"]
[Site "http://www.queenalice.com/game.php?id=1814321"]
[Date "2023.6.18"]
[Round "2"]
[White "diegem"]
[Black "EcheKiel"]
[Result "0-1"]
[WhiteElo "2080"]
[BlackElo "1759"]

1. e4 e5 2. Nf3 Qf6 3. Nc3 c6 4. Bc4 Bc5 5. d3 d6 6. h3 h6 7. O-O Qg6 8. Nh4 Qg3
9. Nf5 Bxf5 10. exf5 Nf6 11. Ne2 Qh4 12. Ng3 Qxg3 13. b4 Bb6 14. a4 a6 15. a5
Ba7 16. Be3 Bxe3 17. fxe3 Qxe3+ 18. Kh1 Nbd7 19. Re1 Qf4 20. Rf1 Qh4 21. c3 h5
22. Re1 d5 23. Bb3 Ng4 24. Kg1 Qg3 25. hxg4 hxg4 26. Kf1 Rh2 27. Qc2 O-O-O 28.
c4 Rdh8 29. cxd5 R8h5 30. dxc6 Qf4+ 31. Qf2 Rxf5 32. cxd7+ Kxd7 33. Qxf4 Rxf4+
34. Kg1 g3 35. Rxe5 Rfh4 36. Rd5+ Kc7 37. Rc1+ Kb8 38. Rd8+ Ka7 39. Kf1 Rh1+ 40.
Ke2 Rxc1 41. Bxf7 Rxb4 42. Rg8 Rc2+ 43. Kf3 Rf2+ 44. Kxg3 Rxf7 45. Rd8 Rff4 46.
Rd7 Rg4+ 47. Kf2 Rb2+ 48. Ke3 Rgxg2 49. Ke4 Rb5 50. d4 Rxa5 51. d5 Rd2 52. Ke5
Rb5 53. Ke6 g5 54. d6 Rbd5 55. Rd8 g4 56. d7 Kb6 57. Rg8 Rxd7 58. Rxg4 a5 59.
Rg6 R2d5 60. Rg1 Ka6 61. Rc1 R7d6+ 62. Ke7 Rh6 63. Kf7 b5 64. Kg7 Rb6 65. Kf7
Rd7+ 66. Ke8 Ra7 67. Rd1 Rh6 68. Rf1 Rhh7 69. Rf6+ Kb7 70. Rd6 Kc7 71. Rd1 Ra8+
72. Rd8 Rxd8# 0-1

[Event "AUTO-ADV-4695"]
[Site "http://www.queenalice.com/game.php?id=1814322"]
[Date "2023.6.18"]
[Round "2"]
[White "EcheKiel"]
[Black "diegem"]
[Result "0-1"]
[WhiteElo "1847"]
[BlackElo "2073"]

1. e4 e5 2. Bc4 Nc6 3. Nf3 d6 4. c3 Bg4 5. Bd5 Nf6 6. Qb3 Nxd5 7. Qxd5 Bxf3 8.
gxf3 Rb8 9. a3 Be7 10. d4 exd4 11. cxd4 Bf6 12. Be3 O-O 13. Rg1 Qc8 14. Bh6 Nxd4
15. Kd1 Nxf3 16. Rg3 Nxh2 17. Qh5 Qe6 18. Nd2 Bxb2 19. Rb1 Be5 20. Rbb3 Bxg3 21.
Rxg3 Qf6 22. Qxh2 Qa1+ 23. Ke2 g6 24. Bxf8 Rxf8 25. Rh3 h5 26. Rg3 Qe5 27. f4
Qb5+ 28. Kf2 Qa5 29. Ke1 Re8 30. Kd1 Kf8 31. f5 Qa4+ 32. Ke1 a5 33. Qg2 d5 34.
fxg6 f6 35. g7+ Kg8 36. Qh3 Re7 37. Rg4 Rxg7 38. Qxh5 Rxg4 39. Qxg4+ Kf7 40. Qc8
dxe4 41. Qxc7+ Kg6 42. Nc4 b5 43. Qg3+ Kh6 44. Nd6 b4 45. Nf5+ Kh5 46. Qh4+ Kg6
47. Qxe4 Qxa3 48. Qg4+ Kf7 49. Qg7+ Ke6 50. Nd4+ Kd5 51. Qxf6 Qa1+ 52. Ke2 Qxd4
53. Qd8+ Kc4 54. Qxa5 Qd3+ 55. Kf2 Qd2+ 56. Kf3 Qd5+ 57. Qxd5+ Kxd5 58. Ke3 Kc4
59. Kd2 Kb3 0-1

[Event "AUTO-ADV-4676"]
[Site "http://www.queenalice.com/game.php?id=1814505"]
[Date "2023.6.21"]
[Round "2"]
[White "chessman"]
[Black "diegem"]
[Result "0-1"]
[WhiteElo "1922"]
[BlackElo "2015"]

1. e4 e5 2. Nf3 Nc6 3. Bc4 d6 4. a3 Bg4 5. c3 Be7 6. Qb3 Be6 7. Bxe6 fxe6 8.
Qxe6 Nf6 9. Ng5 Rf8 10. Qb3 Rb8 11. Ne6 Qd7 12. Nxg7+ Kd8 13. Ne6+ Ke8 14. Nxf8
Kxf8 15. d4 Nxe4 16. dxe5 Qf5 17. O-O Bh4 18. Be3 Nxe5 19. f4 Nd3 20. Nd2 Nxd2
21. Bxd2 Qc5+ 22. Kh1 Nf2+ 0-1

[Event "AUTO-ADV-4676"]
[Site "http://www.queenalice.com/game.php?id=1814506"]
[Date "2023.6.21"]
[Round "2"]
[White "diegem"]
[Black "chessman"]
[Result "0-1"]
[WhiteElo "2109"]
[BlackElo "2047"]

1. e4 e6 2. d4 d5 3. Nc3 dxe4 4. Nxe4 Nd7 5. Nf3 Ngf6 6. Nc3 Be7 7. Bd3 O-O 8.
O-O a6 9. Bg5 b5 10. a3 Bb7 11. Re1 c5 12. dxc5 Nxc5 13. Rb1 Nxd3 14. cxd3 Rc8
15. Na2 h6 16. Bxf6 Bxf6 17. Nc1 Qc7 18. b4 Qc2 19. Qxc2 Rxc2 20. Nb3 Bxf3 21.
gxf3 Rfc8 22. Nc5 Bd4 23. Rf1 Bxc5 24. bxc5 R8xc5 25. Ra1 Rd2 26. Rfd1 Rxd1+ 27.
Rxd1 Rd5 28. Kg2 a5 29. Kf1 Kf8 30. Ke2 b4 31. axb4 axb4 32. Rb1 Rb5 33. d4 b3
34. Kd3 Ke7 35. Kc4 Rh5 36. Rh1 b2 37. Rb1 Rxh2 38. Rxb2 h5 39. Kd3 Kf6 40. Ke4
g5 41. f4 g4 42. Ke3 g3 43. Re2 Rxf2 44. Rxf2 gxf2 45. Kxf2 Kf5 46. Ke3 h4 47.
Kf3 f6 48. Ke3 h3 49. Kf3 h2 50. Kg2 Kxf4 51. Kxh2 Ke4 0-1

[Event "AUTO-ADV-4676"]
[Site "http://www.queenalice.com/game.php?id=1814509"]
[Date "2023.6.21"]
[Round "2"]
[White "diegem"]
[Black "Fauquinelle"]
[Result "1-0"]
[WhiteElo "2031"]
[BlackElo "1907"]

1. e4 c5 2. Nf3 d6 3. d4 cxd4 4. Nxd4 Nf6 5. Nc3 a6 6. Bd3 Nbd7 7. O-O Ne5 8.
Bf4 Nxd3 9. Qxd3 g6 10. Bg5 Bg7 11. Bxf6 Bxf6 12. Rfe1 O-O 13. Nf3 Bd7 14. Rab1
Bc6 15. a3 Qb6 16. b4 Rad8 17. Ne2 Rc8 18. Nf4 Rfd8 19. Nd5 Bxd5 20. exd5 Rc3
21. Qd2 Rxa3 22. Qc1 Rc3 23. Re3 Rc4 24. c3 Rdc8 25. Qd1 Rxc3 26. Rxc3 Rxc3 27.
Qe1 Rc4 28. Qe2 Rxb4 29. Rc1 Kg7 30. h3 Rb1 31. Rxb1 Qxb1+ 32. Kh2 b5 33. g4 h6
34. h4 Bc3 35. Qxe7 Qe4 36. Qxe4 1-0

[Event "AUTO-ADV-4676"]
[Site "http://www.queenalice.com/game.php?id=1814510"]
[Date "2023.6.21"]
[Round "2"]
[White "Fauquinelle"]
[Black "diegem"]
[Result "0-1"]
[WhiteElo "1993"]
[BlackElo "2100"]

1. d4 Nf6 2. c4 e6 3. Nf3 Nc6 4. g3 Be7 5. Bg2 h6 6. O-O O-O 7. Nc3 d5 8. cxd5
Nxd5 9. e4 Nf6 10. Bf4 Bb4 11. Qc2 Bxc3 12. bxc3 Rb8 13. Rab1 a6 14. Nd2 Re8 15.
e5 Nd5 16. Be3 Nxe3 17. fxe3 Ne7 18. Bf3 Nf5 19. Rfe1 b5 20. a4 Qg5 21. Kf2 Bd7
22. axb5 axb5 23. Ne4 Qe7 24. Rb4 c6 25. Nc5 Qd8 26. Reb1 Ne7 27. e4 Ng6 28.
Nxd7 Qxd7 29. Ke3 Rec8 30. Qb3 Rb6 31. c4 Rcb8 32. Be2 Rd8 33. Rd1 bxc4 34. Qxc4
Rxb4 35. Qxb4 Qc7 36. Bd3 Rb8 37. Qd6 Qxd6 38. exd6 e5 39. Rb1 Rd8 40. dxe5 Nxe5
41. Rd1 Rxd6 42. Bc2 Rxd1 43. Bxd1 Kf8 44. Kd4 f6 45. Kc5 Ke7 46. Kb6 Kd6 47.
Ba4 c5 48. Ka5 Nf3 49. h3 Ng5 50. h4 Nxe4 0-1